[Event "Valasska Bystrice op"]
[Site "Valasska Bystrice"]
[Date "2023.09.15"]
[Round "8"]
[White "Brousek, Jiri"]
[Black "Rychtecky, Pavel"]
[Result "1-0"]
[WhiteElo "1817"]
[BlackElo "1444"]
[PlyCount "63"]
[EventDate "2023.09.09"]
[EventType "swiss"]
[EventRounds "9"]
[EventCountry "CZE"]
[SourceTitle "EXT 2024"]
[Source "ChessBase"]
[SourceDate "2023.10.10"]
[SourceVersion "1"]
[SourceVersionDate "2023.10.10"]
[SourceQuality "1"]

1. d4 Nf6 2. Nf3 e6 3. e3 b6 4. Bd3 Bb7 5. 0-0 c5 6. b3 cxd4 7. exd4 d5 8. Bb2 Bd6 9. Nbd2 0-0 10. Qe2 Nc6 11. a3 Re8 12. Ne5 Qc7 13. f4 Ne7 14. Rae1 a5 15. g4 g6 16. g5 Nh5 17. Rf3 Nf5 18. Ref1 Re7 19. Rh3 Nfg7 20. Rh4 Qc8 21. Ng4 Ba6 22. Nf6+ Kh8 23. c4 Qf8 24. Rf3 h6 25. Rfh3 Bb7 26. c5 Bc7 27. Nxh5 gxh5 28. cxb6 Bxb6 29. Rxh5 Nf5 30. Bxf5 exf5 31. Rxh6+ Kg7 32. Rh7+ 1-0

[Event "Valasska Bystrice op"]
[Site "Valasska Bystrice"]
[Date "2023.09.13"]
[Round "6"]
[White "Rychtecky, Pavel"]
[Black "Jindrasek, Mojmir"]
[Result "1/2-1/2"]
[WhiteElo "1444"]
[BlackElo "1644"]
[PlyCount "58"]
[EventDate "2023.09.09"]
[EventType "swiss"]
[EventRounds "9"]
[EventCountry "CZE"]
[SourceTitle "EXT 2024"]
[Source "ChessBase"]
[SourceDate "2023.10.10"]
[SourceVersion "1"]
[SourceVersionDate "2023.10.10"]
[SourceQuality "1"]

1. e4 d6 2. d4 Nf6 3. Nc3 g6 4. f4 Bg7 5. Nf3 c6 6. Bd3 b5 7. e5 dxe5 8. fxe5 Nd5 9. 0-0 0-0 10. Nxd5 Qxd5 11. Qe2 e6 12. b3 a5 13. c4 bxc4 14. bxc4 Qd7 15. Ba3 Rd8 16. Rab1 Na6 17. Be4 Rb8 18. Rbd1 Nb4 19. Bc1 h6 20. a3 Na6 21. Rd3 Bb7 22. Bd2 a4 23. Ba5 Rdc8 24. c5 Nc7 25. Rdd1 Ba6 26. Bd3 Bxd3 27. Rxd3 Ra8 28. Qd2 Nd5 29. Rb1 Qa7 1/2-1/2

[Event "CZE-ch Seniors 65"]
[Site "Olomouc"]
[Date "2023.08.13"]
[Round "2"]
[White "Lepik, Jaroslav"]
[Black "Rychtecky, Pavel"]
[Result "1-0"]
[WhiteElo "1830"]
[BlackElo "1430"]
[PlyCount "131"]
[EventDate "2023.08.12"]
[EventType "swiss"]
[EventRounds "9"]
[EventCountry "CZE"]
[SourceTitle "EXT 2024"]
[Source "ChessBase"]
[SourceDate "2023.10.10"]
[SourceVersion "1"]
[SourceVersionDate "2023.10.10"]
[SourceQuality "1"]

1. d4 Nf6 2. Nf3 e6 3. Bg5 Be7 4. e3 0-0 5. Bd3 d6 6. 0-0 Nbd7 7. c4 b6 8. Nc3 Bb7 9. Rc1 h6 10. Bh4 Rc8 11. Bb1 Re8 12. Re1 Nf8 13. b4 c5 14. dxc5 bxc5 15. b5 Qc7 16. Bxf6 Bxf6 17. Ne4 Be7 18. Nc3 Red8 19. e4 Ng6 20. Qe2 Nf4 21. Qe3 e5 22. Nd5 Bxd5 23. exd5 Qd7 24. Qe4 g6 25. Nd2 Qg4 26. Qf3 Qxf3 27. Nxf3 f5 28. h4 Kf7 29. g3 e4 30. Nd2 Nh5 31. a4 Rd7 32. Nb3 Bd8 33. Kg2 a6 34. f3 exf3+ 35. Kxf3 axb5 36. axb5 Ra8 37. Re3 Re7 38. Rce1 Rxe3+ 39. Rxe3 Nf6 40. Nd2 Bc7 41. Rb3 Bb6 42. Nf1 Ng4 43. Kf4 Kf6 44. Nd2 Ra4 45. Bd3 g5+ 46. hxg5+ hxg5+ 47. Kf3 Ne5+ 48. Ke3 g4 49. Be2 Ra2 50. Nb1 Ra7 51. Ra3 Ng6 52. Rxa7 Bxa7 53. Nc3 Ke5 54. Na4 Nf8 55. b6 Bb8 56. Bd1 Nd7 57. Bc2 Nf6 58. Nb2 Nd7 59. Nd3+ Kf6 60. b7 Nb6 61. Bb3 Kg5 62. Nf4 Kf6 63. Ne6 Nd7 64. Ba4 Nb6 65. Bb5 Ke5 66. Nd8 1-0

[Event "Prague op-B 20th"]
[Site "Prague"]
[Date "2022.01.08"]
[Round "2"]
[White "Halousek, Jaroslav"]
[Black "Rychtecky, Pavel"]
[Result "1/2-1/2"]
[WhiteElo "1649"]
[BlackElo "1491"]
[PlyCount "46"]
[EventDate "2022.01.07"]
[EventType "swiss"]
[EventRounds "9"]
[EventCountry "CZE"]
[SourceTitle "CBM 206 Extra"]
[Source "ChessBase"]
[SourceDate "2022.03.31"]
[SourceVersion "1"]
[SourceVersionDate "2022.03.31"]
[SourceQuality "1"]

1. c4 Nf6 2. Nc3 e6 3. g3 d5 4. cxd5 exd5 5. d4 Be7 6. Bg2 0-0 7. Nf3 a6 8. 0-0 Re8 9. Qb3 c6 10. Bf4 Nbd7 11. Rfe1 Nh5 12. Bd2 Nb6 13. e4 dxe4 14. Nxe4 Be6 15. Qc2 Qd7 16. Nc5 Bxc5 17. Qxc5 Nd5 18. Ne5 Qc8 19. Nc4 Qd7 20. Ba5 Nhf6 21. Ne5 Qe7 22. b4 Nd7 23. Nxd7 Qxd7 1/2-1/2

[Event "Brno op 10th"]
[Site "Brno"]
[Date "2021.11.27"]
[Round "9"]
[White "Rychtecky, Pavel"]
[Black "Janous, Petr"]
[Result "0-1"]
[WhiteElo "1476"]
[BlackElo "1979"]
[PlyCount "44"]
[EventDate "2021.11.20"]
[EventType "swiss"]
[EventRounds "9"]
[EventCountry "CZE"]
[SourceTitle "CBM 205 Extra"]
[Source "ChessBase"]
[SourceDate "2022.01.31"]
[SourceVersion "1"]
[SourceVersionDate "2022.01.31"]
[SourceQuality "1"]

1. e4 d5 2. exd5 Qxd5 3. Nc3 Qd6 4. d4 Nf6 5. Be2 Nc6 6. Be3 a6 7. a3 Bf5 8. g4 Bg6 9. g5 Ne4 10. Nxe4 Bxe4 11. f3 Bf5 12. Qd2 0-0-0 13. Rd1 h6 14. f4 hxg5 15. Bf3 gxf4 16. Bxf4 Qxd4 17. Bxc6 Qxd2+ 18. Rxd2 bxc6 19. Nf3 Rxd2 20. Kxd2 f6 21. Be3 Be4 22. Rf1 Bxf3 0-1

[Event "Brno op 10th"]
[Site "Brno"]
[Date "2021.11.25"]
[Round "7"]
[White "Rychtecky, Pavel"]
[Black "Moskvin, Anatoly"]
[Result "0-1"]
[WhiteElo "1476"]
[BlackElo "2201"]
[PlyCount "24"]
[EventDate "2021.11.20"]
[EventType "swiss"]
[EventRounds "9"]
[EventCountry "CZE"]
[SourceTitle "CBM 205 Extra"]
[Source "ChessBase"]
[SourceDate "2022.01.31"]
[SourceVersion "1"]
[SourceVersionDate "2022.01.31"]
[SourceQuality "1"]

1. e4 e5 2. Nf3 d5 3. d4 dxe4 4. Nxe5 Bd6 5. Nc4 Nf6 6. Be2 Nc6 7. Be3 0-0 8. 0-0 Nd5 9. Qd2 Nxe3 10. Qxe3 Nxd4 11. Nba3 Bf4 12. Qxe4 Bf5 0-1

[Event "Brno Trade op"]
[Site "Brno"]
[Date "2021.09.01"]
[Round "5"]
[White "Rychtecky, Pavel"]
[Black "Teply, Jan"]
[Result "1-0"]
[WhiteElo "1543"]
[BlackElo "1063"]
[PlyCount "113"]
[EventDate "2021.08.29"]
[EventType "swiss"]
[EventRounds "9"]
[EventCountry "CZE"]
[SourceTitle "CBM 204 Extra"]
[Source "ChessBase"]
[SourceDate "2021.11.30"]
[SourceVersion "1"]
[SourceVersionDate "2021.11.30"]
[SourceQuality "1"]

1. e4 e5 2. Nf3 Nc6 3. Bb5 a6 4. Ba4 Nf6 5. 0-0 Bc5 6. c3 Nxe4 7. Nxe5 Nxe5 8. d4 Ba7 9. Qe2 Nc6 10. Qxe4+ Ne7 11. Re1 c6 12. Bc2 d5 13. Qe5 Be6 14. Qxg7 Kd7 15. Bg5 Qg8 16. Qf6 Ng6 17. Nd2 h6 18. Bh4 Nxh4 19. Qxh4 Qg5 20. Nf3 Qxh4 21. Nxh4 Rag8 22. Re3 Bb8 23. g3 Bc7 24. Kg2 Bd8 25. Nf3 h5 26. Ne5+ Kc7 27. f4 Rg7 28. Rae1 h4 29. f5 Bc8 30. h3 hxg3 31. Rh1 Rh5 32. Rf3 Bh4 33. Rhf1 Kb6 34. c4 dxc4 35. Nxc4+ Ka7 36. Nd6 Bd7 37. Rb3 b5 38. Rbf3 Kb6 39. Bb3 f6 40. Re3 Kc7 41. Ne4 Bxf5 42. Bd1 Bxe4+ 43. Rxe4 Rh6 44. Bg4 Rf7 45. Re6 Rd7 46. Rc1 Rd6 47. Rxd6 Kxd6 48. Bf3 Ke7 49. Rxc6 Rh8 50. Rxa6 Rd8 51. d5 Rc8 52. Rc6 Ra8 53. a3 Ra4 54. Rc5 Rd4 55. Rc2 f5 56. Re2+ Kd6 57. Rc2 1-0

[Event "Brno Trade op"]
[Site "Brno"]
[Date "2021.08.31"]
[Round "4"]
[White "Kubatova, Ema"]
[Black "Rychtecky, Pavel"]
[Result "0-1"]
[WhiteElo "1005"]
[BlackElo "1543"]
[PlyCount "74"]
[EventDate "2021.08.29"]
[EventType "swiss"]
[EventRounds "9"]
[EventCountry "CZE"]
[SourceTitle "CBM 204 Extra"]
[Source "ChessBase"]
[SourceDate "2021.11.30"]
[SourceVersion "1"]
[SourceVersionDate "2021.11.30"]
[SourceQuality "1"]

1. d4 Nf6 2. Nf3 e6 3. g3 d5 4. Bg2 Nbd7 5. 0-0 c5 6. e3 b6 7. Nbd2 Bb7 8. b3 Be7 9. Bb2 0-0 10. Rc1 Rc8 11. c4 cxd4 12. Nxd4 Nc5 13. Qe2 g6 14. Rfd1 a6 15. Ba3 Qd7 16. Nc2 Rfd8 17. Ne1 Qe8 18. Nd3 Nxd3 19. Qxd3 Bxa3 20. Rc2 Qe7 21. Qe2 Kg7 22. Nf3 Rc7 23. cxd5 Nxd5 24. Nd4 Nc3 25. Qe1 Nxd1 26. Qxd1 Bxg2 27. Kxg2 e5 28. Qe2 exd4 29. exd4 Qxe2 30. Rxe2 Rxd4 31. Re8 Rd2 32. Ra8 a5 33. Rb8 Bc5 34. Re8 Rxa2 35. Re1 Bxf2 36. Kf1 Bxe1 37. Kxe1 Rc1# 0-1

[Event "Brno Trade op"]
[Site "Brno"]
[Date "2021.08.29"]
[Round "2"]
[White "Smidek, Prokop"]
[Black "Rychtecky, Pavel"]
[Result "1-0"]
[WhiteElo "1262"]
[BlackElo "1543"]
[PlyCount "71"]
[EventDate "2021.08.29"]
[EventType "swiss"]
[EventRounds "9"]
[EventCountry "CZE"]
[SourceTitle "CBM 204 Extra"]
[Source "ChessBase"]
[SourceDate "2021.11.30"]
[SourceVersion "1"]
[SourceVersionDate "2021.11.30"]
[SourceQuality "1"]

1. e4 c5 2. Nf3 e6 3. d4 cxd4 4. Nxd4 a6 5. Nc3 Bb4 6. Bd2 Qc7 7. Bd3 Nf6 8. Nde2 Nc6 9. 0-0 0-0 10. f4 Bc5+ 11. Kh1 b5 12. e5 Ne8 13. Ng3 f5 14. Qh5 g6 15. Qh6 Rf7 16. Rf3 Nd4 17. Rff1 Bb7 18. Nge2 d6 19. Nxd4 Bxd4 20. exd6 Qxd6 21. Rae1 Nf6 22. Re2 Ng4 23. Qh4 Re8 24. h3 Nf6 25. Be3 Bxe3 26. Rxe3 Nd5 27. Nxd5 Bxd5 28. Rg3 Rg7 29. Qh6 Ree7 30. Re1 g5 31. Bxf5 Qxf4 32. Bxh7+ Rxh7 33. Rxg5+ Rhg7 34. Rxg7+ Rxg7 35. Qxf4 Rxg2 36. Rg1 1-0

[Event "Pardubice Czech op-C 32nd"]
[Site "Pardubice"]
[Date "2021.07.25"]
[Round "3"]
[White "Rychtecky, Pavel"]
[Black "Beyer, Lorenz"]
[Result "0-1"]
[WhiteElo "1582"]
[BlackElo "1362"]
[PlyCount "134"]
[EventDate "2021.07.24"]
[EventType "swiss"]
[EventRounds "9"]
[EventCountry "CZE"]
[SourceTitle "EXT 2022"]
[Source "ChessBase"]
[SourceDate "2021.10.06"]
[SourceVersion "1"]
[SourceVersionDate "2021.10.06"]
[SourceQuality "1"]

1. e4 e6 2. d4 d5 3. Nc3 Nf6 4. e5 Nfd7 5. f4 c5 6. Nf3 Nc6 7. Be3 a6 8. Qd2 b5 9. g3 Qb6 10. Bg2 cxd4 11. Nxd4 Bc5 12. Rd1 Bb7 13. 0-0 0-0 14. Bh3 Nxd4 15. Bxd4 Bxd4+ 16. Qxd4 Rac8 17. Rf2 Rc4 18. Qxb6 Nxb6 19. Nb1 Rfc8 20. c3 R4c7 21. f5 exf5 22. Bxf5 Re8 23. Re1 Rce7 24. Rfe2 Nc4 25. e6 f6 26. Kf2 Nd6 27. g4 g6 28. Bc2 Bc8 29. Nd2 Rxe6 30. h3 Kf7 31. Nf3 Rxe2+ 32. Rxe2 Rxe2+ 33. Kxe2 Ne4 34. Ke3 f5 35. g5 Ke6 36. h4 Kd6 37. Kd4 Ng3 38. b4 Ne2+ 39. Kd3 Nf4+ 40. Ke3 Ne6 41. Nd4 Bd7 42. Bd3 Nd8 43. Kf4 Nc6 44. Nf3 Be6 45. Nd4 Ne5 46. Ke3 Bd7 47. Bc2 Nc4+ 48. Kf4 Nd2 49. Ne2 Ne4 50. Bb3 Be6 51. Ke3 Ke5 52. Bc2 f4+ 53. Nxf4 Nxc3 54. Nd3+ Kd6 55. Bb3 Ne4 56. Kd4 Ng3 57. Nc5 Nf5+ 58. Kc3 Bc8 59. h5 gxh5 60. Bd1 Ng3 61. Kd4 h4 62. Bf3 Nf5+ 63. Kd3 h3 64. a4 h2 65. axb5 axb5 66. Nb3 Nh4 67. Bh1 Bf5+ 0-1

[Event "Bohumin op 4th"]
[Site "Bohumin"]
[Date "2021.07.06"]
[Round "4"]
[White "Rychtecky, Pavel"]
[Black "Buchtova, Viktorie"]
[Result "0-1"]
[WhiteElo "1582"]
[BlackElo "1432"]
[PlyCount "78"]
[EventDate "2021.07.03"]
[EventType "swiss"]
[EventRounds "9"]
[EventCountry "CZE"]
[SourceTitle "CBM 203 Extra"]
[Source "ChessBase"]
[SourceDate "2021.09.30"]
[SourceVersion "1"]
[SourceVersionDate "2021.09.30"]
[SourceQuality "1"]

1. e4 c5 2. Nf3 d6 3. d4 cxd4 4. Nxd4 Nf6 5. Nc3 g6 6. Bc4 Bg7 7. Be3 0-0 8. f3 Nc6 9. Qd2 Bd7 10. 0-0-0 Rc8 11. Bb3 Ne5 12. Kb1 Nc4 13. Bxc4 Rxc4 14. h4 a5 15. g4 a4 16. h5 Qa5 17. Nd5 Qxd2 18. Nxe7+ Kh8 19. Rxd2 Re8 20. Nxg6+ fxg6 21. h6 Bf8 22. Ne2 Kg8 23. Ng3 Bc6 24. Bd4 Nd7 25. b3 axb3 26. cxb3 Rb4 27. Kb2 Ne5 28. Bxe5 Rxe5 29. Rhd1 Rbb5 30. Rd4 d5 31. f4 Re8 32. a4 Rb4 33. exd5 Rxd4 34. Rxd4 Rd8 35. Ne4 Bxh6 36. Nf6+ Kf7 37. g5 Bg7 38. Kc3 Bxf6 39. gxf6 Rxd5 0-1

[Event "Prague Summer op-B 6th"]
[Site "Prague"]
[Date "2019.08.02"]
[Round "1"]
[White "Rychtecky, Pavel"]
[Black "Stern, Philipp"]
[Result "1/2-1/2"]
[WhiteElo "1522"]
[BlackElo "1853"]
[PlyCount "86"]
[EventDate "2019.08.02"]
[EventType "swiss"]
[EventRounds "9"]
[EventCountry "CZE"]
[SourceTitle "EXT 2020"]
[Source "ChessBase"]
[SourceDate "2019.10.17"]
[SourceVersion "1"]
[SourceVersionDate "2019.10.17"]
[SourceQuality "1"]

1. e4 c5 2. Nf3 g6 3. d4 cxd4 4. Nxd4 Nc6 5. Be3 Nf6 6. Nc3 Bg7 7. Bc4 Qa5 8. 0-0 0-0 9. f3 d6 10. Qd2 Bd7 11. Rfd1 Rfc8 12. Bb3 Ne5 13. Nce2 Qxd2 14. Rxd2 Nc4 15. Bxc4 Rxc4 16. b3 Rc7 17. c4 Be8 18. Nc3 a6 19. a4 Bd7 20. h3 Be6 21. Nd5 Bxd5 22. exd5 Nd7 23. Rb1 Nc5 24. Re2 Rb8 25. a5 f5 26. b4 Nd3 27. Rc2 Rbc8 28. c5 f4 29. Ne6 fxe3 30. Nxc7 Rxc7 31. Kf1 dxc5 32. Ke2 c4 33. Kxe3 Bh6+ 34. Ke4 Kf7 35. g3 g5 36. b5 Nc5+ 37. Kf5 e6+ 38. Ke5 exd5 39. Kxd5 axb5 40. Rxb5 Nd7 41. Rxc4 Nf6+ 42. Kd4 Rd7+ 43. Kc3 Nd5+ 1/2-1/2

[Event "Pardubice Czech op-D 30th"]
[Site "Pardubice"]
[Date "2019.07.21"]
[Round "2"]
[White "Rychtecky, Pavel"]
[Black "Banasik, Tomasz"]
[Result "1-0"]
[WhiteElo "1630"]
[BlackElo "1368"]
[PlyCount "81"]
[EventDate "2019.07.20"]
[EventType "swiss"]
[EventRounds "9"]
[EventCountry "CZE"]
[SourceTitle "EXT 2020"]
[Source "ChessBase"]
[SourceDate "2019.10.17"]
[SourceVersion "1"]
[SourceVersionDate "2019.10.17"]
[SourceQuality "1"]

1. e4 c5 2. Nf3 Nc6 3. d4 cxd4 4. Nxd4 a6 5. Nc3 e5 6. Nf3 Bb4 7. Bd2 Nf6 8. Bd3 d5 9. Nxd5 Bxd2+ 10. Qxd2 Nxd5 11. exd5 Qxd5 12. 0-0-0 Qxa2 13. Qg5 Qa1+ 14. Kd2 Qa5+ 15. Ke2 Be6 16. Rhe1 f6 17. Qxg7 0-0-0 18. Qxf6 Bd5 19. Qf5+ Kb8 20. Kf1 Bxf3 21. Qxf3 Qb6 22. Qe3 Qc7 23. c3 Rhf8 24. Be4 Na5 25. g3 Rf6 26. Kg1 h5 27. h4 Rg8 28. Rf1 Rf4 29. Kh2 Rf6 30. Qe2 Qc5 31. b4 Qxc3 32. bxa5 Qxa5 33. Qxh5 Qc3 34. Qe2 Rgf8 35. Kg2 Rh6 36. Rd3 Qc7 37. Rfd1 Qg7 38. Rd7 Rf7 39. Rd8+ Ka7 40. Qe3+ Rb6 41. R1d6 1-0

[Event "Trebic Highlands op 12th"]
[Site "Trebic"]
[Date "2018.09.29"]
[Round "9"]
[White "Rychtecky, Pavel"]
[Black "Heppell, Ian"]
[Result "0-1"]
[WhiteElo "1537"]
[BlackElo "2031"]
[PlyCount "134"]
[EventDate "2018.09.22"]
[EventType "swiss"]
[EventRounds "9"]
[EventCountry "CZE"]
[SourceTitle "CBM 186 Extra"]
[Source "ChessBase"]
[SourceDate "2018.08.24"]
[SourceVersion "1"]
[SourceVersionDate "2018.08.24"]
[SourceQuality "1"]

1. e4 e5 2. Nf3 Nc6 3. Bb5 Nge7 4. d4 exd4 5. Nxd4 g6 6. 0-0 Bg7 7. Be3 0-0 8. f4 d5 9. e5 Nxd4 10. Bxd4 c6 11. Ba4 Qa5 12. c3 Be6 13. b4 Qa6 14. Bc5 Rfe8 15. Bc2 b6 16. Bd3 Qb7 17. Bf2 a5 18. Nd2 axb4 19. cxb4 Ra3 20. Nb1 Ra7 21. a4 f6 22. Bd4 fxe5 23. Bxe5 Nf5 24. Bxf5 Bxf5 25. Qd4 Bxe5 26. fxe5 Qc7 27. Re1 Bxb1 28. Rexb1 Rxe5 29. a5 bxa5 30. Rxa5 Rb7 31. Ra8+ Rb8 32. Ra7 Qb6 33. Qf2 Qxf2+ 34. Kxf2 Rf8+ 35. Kg1 Rfe8 36. Rc7 Re1+ 37. Rxe1 Rxe1+ 38. Kf2 Re6 39. b5 cxb5 40. Rc5 Rb6 41. Rxd5 b4 42. Rd2 b3 43. Rb2 Kf7 44. Ke3 Ke6 45. Kd4 Kf5 46. Ke3 Ke5 47. Kd3 Kf4 48. Rf2+ Kg4 49. Rb2 h5 50. Ke3 h4 51. Kf2 Rb5 52. Kg1 Kf4 53. Kf2 Ke4 54. Ke2 Kd4 55. Kd2 Kc4 56. Rb1 b2 57. Kc2 Kd4 58. Rd1+ Ke3 59. Kb1 Ke2 60. Rd6 g5 61. Rf6 Rb4 62. Rf5 Rg4 63. g3 hxg3 64. hxg3 Rxg3 65. Kxb2 g4 66. Kc2 Rg1 67. Rf7 g3 0-1

[Event "Trebic Highlands op 12th"]
[Site "Trebic"]
[Date "2018.09.24"]
[Round "3"]
[White "Rychtecky, Pavel"]
[Black "Habada, Jindrich"]
[Result "1/2-1/2"]
[WhiteElo "1537"]
[BlackElo "1761"]
[PlyCount "54"]
[EventDate "2018.09.22"]
[EventType "swiss"]
[EventRounds "9"]
[EventCountry "CZE"]
[SourceTitle "CBM 186 Extra"]
[Source "ChessBase"]
[SourceDate "2018.08.24"]
[SourceVersion "1"]
[SourceVersionDate "2018.08.24"]
[SourceQuality "1"]

1. e4 c5 2. Nf3 Nc6 3. d4 cxd4 4. Nxd4 g6 5. c4 Bg7 6. Be3 Nf6 7. f3 d6 8. Nc3 0-0 9. Qd2 Bd7 10. 0-0-0 a6 11. Kb1 Qc7 12. Nd5 Nxd5 13. cxd5 Na7 14. Rc1 Qb8 15. h4 Rc8 16. h5 Rxc1+ 17. Qxc1 Nb5 18. Nxb5 axb5 19. hxg6 fxg6 20. Bb6 Qe8 21. Be2 e6 22. Qd2 exd5 23. exd5 Rc8 24. Rc1 Bf5+ 25. Bd3 Rxc1+ 26. Kxc1 Bxd3 27. Qxd3 Qe1+ 1/2-1/2

[Event "Trebic Highlands op 12th"]
[Site "Trebic"]
[Date "2018.09.23"]
[Round "2"]
[White "Endler, Boris"]
[Black "Rychtecky, Pavel"]
[Result "1-0"]
[WhiteElo "1778"]
[BlackElo "1537"]
[PlyCount "71"]
[EventDate "2018.09.22"]
[EventType "swiss"]
[EventRounds "9"]
[EventCountry "CZE"]
[SourceTitle "CBM 186 Extra"]
[Source "ChessBase"]
[SourceDate "2018.08.24"]
[SourceVersion "1"]
[SourceVersionDate "2018.08.24"]
[SourceQuality "1"]

1. e4 c5 2. c3 d5 3. exd5 Qxd5 4. d4 Nc6 5. Nf3 cxd4 6. cxd4 e5 7. Nc3 Bb4 8. Bd2 Bxc3 9. Bxc3 e4 10. Ne5 Nf6 11. Bc4 Bg4 12. Bxd5 Bxd1 13. Bxc6+ bxc6 14. Rxd1 0-0 15. Nxc6 Nd5 16. Nb4 Nxc3 17. bxc3 Rac8 18. Kd2 Rfd8 19. Rhe1 f5 20. g4 g6 21. gxf5 gxf5 22. Nc2 Kf7 23. Rb1 Rb8 24. c4 Rg8 25. Rxb8 Rxb8 26. Kc3 Rg8 27. Ne3 Ke6 28. f4 exf3 29. Rf1 f4 30. Nd5 Rg4 31. Rxf3 Kf5 32. Ne3+ Ke4 33. Nxg4 Kxf3 34. Ne5+ Ke4 35. c5 Kd5 36. Kd3 1-0